00465nam a2200157 i 450000100060000000300090000600500170001500700030003200800410003510000280007624500650010426000610016930000210023050000240025185200320027597919ES-MaACL20230906182201.0t|050719s1958 sp ||||1| spa d1 aMariscal Montes, Julio.10aQuinta palabra b: sonetos (1957) / cJulio Mariscal Montes. aArcos de la Frontera : b[s.n.], c1958 (fArcobricense) a61 p. ; c18 cm. aCon ret. del autor. aES-MaACLjC-18812 bR.46120